Production Engineering (Record no. 354269)

MARC details
000 -LEADER
fixed length control field 00399nam a2200157Ia 4500
008 - FIXED-LENGTH DATA ELEMENTS--GENERAL INFORMATION
fixed length control field 230719s9999 xx 000 0 und d
041 ## - LANGUAGE CODE
Language code of text/sound track or separate title eng
082 ## - DEWEY DECIMAL CLASSIFICATION NUMBER
Classification number 670
Item number JIG
100 ## - MAIN ENTRY--PERSONAL NAME
Personal name Jones E.J.H.
9 (RLIN) 203793
245 ## - TITLE STATEMENT
Title Production Engineering
Remainder of title Jig and Tool Design
250 ## - EDITION STATEMENT
Edition statement 7th ed.
260 ## - PUBLICATION, DISTRIBUTION, ETC. (IMPRINT)
Date of publication, distribution, etc. 1964
Name of publisher, distributor, etc. B.I. Publishers
300 ## - PHYSICAL DESCRIPTION
Extent 355
365 ## - TRADE PRICE
Currency code Rs.
Price amount 871.00
700 ## - ADDED ENTRY--PERSONAL NAME
Personal name Jones E.J.H.
9 (RLIN) 203793
Holdings
Withdrawn status Lost status Damaged status Not for loan Home library Current library Shelving location Date acquired Vendor Cost, normal purchase price Full call number Barcode Date last seen Cost, replacement price Bill Date Koha item type Original Barcode
        Cummins College of Engineering for Women Pune Cummins College of Engineering for Women Pune Donated Book 01/10/2015 Masurkar Enterprises 871.00 670 CCEP-DB-474 19/07/2023 871.00 19/07/2023 Books D00474